Largest Cities in Europe Beginning With 'N' - Statistics

General Stats
  • This quiz has been taken 356 times
  • The average score is 11 of 21
Answer Stats
# Population Country Answer % Correct
1 4,050,000 Italy Naples
99%
3 1,460,000 United Kingdom Newcastle
93%
5 1,200,000 Germany Nuremberg
92%
4 1,370,000 United Kingdom Nottingham
89%
6 955,154 France Nice
87%
7 671,693 France Nantes
86%
2 1,660,000 Russia Nizhny Novgorod
79%
12 260,438 Serbia Novi Sad
68%
16 240,808 United Kingdom Norwich
54%
13 258,471 United Kingdom Northampton
51%
10 285,660 France Nancy
49%
18 178,976 Serbia Niš
48%
17 182,561 France Nimes
47%
21 161,000 Netherlands Nijmegen
40%
9 343,044 United Kingdom Newport
33%
19 176,540 Switzerland Neuchâtel
29%
11 262,293 Russia Novorossiysk
14%
8 548,434 Russia Naberezhnye Chelny
12%
14 247,054 Russia Nalchik
11%
15 241,479 Russia Nizhnekamsk
6%
20 163,674 Russia Novocherkassk
4%
No matching quizzes found
Score Distribution
Percent of People with Each Score
Percentile by Number Answered
Your Score History
You have not taken this quiz